000 00467nam a2200181Ia 4500
001 11306
005 20260306162818.0
008 260306t2012||||xx |||||||||||||| ||spa||
041 _aESP
082 _a985.03
_bL21
100 _aLamana Ferrario, Gonzalo
_eAUT
245 0 _aPensamiento colonial crítico:
_btextos y actos de Polo Ondegardo
260 _c2012
300 _a406 páginas :
_c24 cm.
650 _aGEN
654 _aCHU
942 _cLIB
_dJUS
_fJUS
_2ddc
_n
999 _c11306
_d11306